| 000 | 01063nam a2200265Ia 4500 | ||
|---|---|---|---|
| 003 | OSt | ||
| 005 | 20220918110854.0 | ||
| 006 | a|||||r|||| 00| 0 | ||
| 007 | ta | ||
| 008 | 220915b |||||||| |||| 00| 0 san d | ||
| 020 |
_a9789386111487 (hbk) _c755 |
||
| 024 | _a279277 | ||
| 037 |
_b113, 09/08/2012, Eastern Book Linkers _cReference Collections |
||
| 040 |
_aARTS _cARTS _bsan |
||
| 041 |
_2san _asan |
||
| 082 | _aR641x91,1, 15M6;Q0.1-.4(RR) | ||
| 100 | _aखण्ड देव | ||
| 245 | 0 | _aभाट्टदीपिका | |
| 246 | _aBhāṭṭadīpikā | ||
| 260 |
_aनई दिल्ली _bराष्ट्रिय संस्कृत संस्थानम् भारत _c2010 |
||
| 650 | _aभारतीय दर्शन | ||
| 700 | _a मण्डन मिश्र, संपा. | ||
| 942 |
_hR641x91,1, 15M6;Q0.1-.4(RR) _cREF |
||
| 999 |
_c115411 _d115411 |
||